| 000 | 00600nam a2200205Ia 4500 | ||
|---|---|---|---|
| 003 | OSt | ||
| 005 | 20241129145726.0 | ||
| 008 | 210716s1971 xx 000 0 und d | ||
| 020 | _a671208977 | ||
| 040 | _cAIMIT LIBRARY | ||
| 041 | _aeng | ||
| 082 |
_a808.83 _21 _bCASC |
||
| 100 |
_aCastaneda, Carlos. _9187269 |
||
| 245 |
_aSeparate reality: _bfurther conversations with don juan / _cBy Carlos Castaneda. |
||
| 250 | _a1st ed. | ||
| 260 |
_aNew York : _bSimon and Schuster Inc ; _c1971. |
||
| 300 |
_a317p. ; _bPB _c21 cm. |
||
| 650 |
_aNovels _9187270 |
||
| 942 |
_2ddc _cBK _e1st ed. _k808.83 CASC |
||
| 999 |
_c201195 _d201195 |
||